Servei d'Assistència a la Gestió Econòmica Local : formació continuada als municipis : comptabilitat analítica formació continuada als municipis :
Publicado:
Barcelona :
Diputació de Barcelona. Àrea d'Hisenda i Recursos Interns. Intervenció General. Servei d'Assistència a la Gestió Econòmica Local ,
2009
Descripción Física:
113 p. ; 30 cm
Otros Autores:
Casas Serra, Josep
MARC
| LEADER | 00000nam a2200000Ia 4500 | ||
|---|---|---|---|
| 001 | 23840 | ||
| 008 | 160829s2009 xx 000 0 cat d | ||
| 080 | |a Bib-69 | ||
| 245 | |a Servei d'Assistència a la Gestió Econòmica Local : |b formació continuada als municipis : |b comptabilitat analítica | ||
| 260 | |a Barcelona : |b Diputació de Barcelona. Àrea d'Hisenda i Recursos Interns. Intervenció General. Servei d'Assistència a la Gestió Econòmica Local, |c 2009 | ||
| 300 | |a 113 p. ; |c 30 cm | ||
| 650 | |a Comptabilitat de costos |x Ensenyament (Educació permanent) |x Barcelona (Província) |9 49280 | ||
| 700 | |a Casas Serra, Josep |9 44552 | ||
| 710 | 1 | |a Barcelona (Catalunya : Província). |b Servei d’Assistència a la Gestió Econòmica Local |9 53081 | |
| 901 | |a Arxiu | ||
| 942 | |n 1 | ||
| 952 | |0 0 |1 0 |4 0 |6 BIB69 |7 1 |9 55243 |a Arxiu |b Arxiu |d 2016-12-01 |l 0 |o Bib-69 |p 23840 |r 2016-12-01 00:00:00 |w 2016-12-01 |y ARXIU | ||
| 999 | |c 59115 |d 59115 | ||